[Event "25th Abu Dhabi Master 2018"]
[Site "Abu Dhabi"]
[Date "2018.08.07"]
[Round "1"]
[White "Rapport, Richard"]
[Black "Samhouri, Admah Fawzi"]
[Result "1-0"]
[WhiteElo "2719"]
[BlackElo "2348"]
[Annotator "TA"]
[PlyCount "113"]
[EventDate "2018.08.05"]
[EventType "swiss"]
[EventCountry "UAE"]
[SourceTitle "playchess.com"]
[Source "ChessBase"]
[SourceQuality "1"]

{[%evp 16,113,32,41,36,25,41,18,39,25,27,26,33,27,52,57,55,72,84,80,90,79,89,92,87,91,88,44,68,68,70,84,69,77,86,70,146,133,120,87,154,80,101,65,197,215,189,184,227,183,152,135,669,667,595,399,360,367,366,366,1958,1958,1158,1194,1221,1462,1556,1589,1244,1195,2495,437,2526,2085,2623,2643,2247,1857,5318,1823,2352,2185,2060,1752,2277,2001,5114,4754,2931,2756,2332,2150,2225,2077,12850,12839,6420,6111,4844,2462]} 1. e4 c5 2. Nc3 a6 3. Nge2 d6 4. g3 Nf6 5. Bg2 Nc6 6. d4 cxd4 7. Nxd4 Bg4 8. Nxc6 {B91: Sizilianisch (Najdorf-Variante mit 6.g3)} (8. Nde2 g6 9. h3 Bxe2 10. Qxe2 Bg7 11. O-O O-O 12. Nd5 Rc8 13. c3 Nxd5 14. exd5 Ne5 15. Re1 Re8 {½-½ (108) Kryvoruchko,Y (2711)-Neverov,V (2516) Lvov 2015}) 8... bxc6 9. Qd3 {LiveBook: 5 Partien} e5 10. O-O {Weiß steht etwas besser.} Be7 11. f4 Be6 $146 ({Vorgänger:} 11... Nd7 12. f5 f6 13. Na4 O-O 14. Be3 Bh5 15. b3 Qc7 {1-0 (32) Matanovic,A-Janosevic,D Ljubljana 1951}) 12. b3 O-O 13. Kh1 Qc7 14. Bb2 Rfd8 15. Na4 a5 16. c4 d5 17. Bxe5 Qa7 18. exd5 cxd5 19. c5 Bxc5 20. Nxc5 Qxc5 21. Rac1 Qb4 22. Bxf6 gxf6 23. f5 Bc8 {Droht ...La6 und aus.} 24. Rf4 Ba6 25. Qd1 Qa3 ({Besser ist} 25... Qe7 $14) 26. Qd2 $36 {[%mdl 2048] zielt auf Tg4+ ab. Weiss bestimmt, wo es lang geht.} Rac8 27. Rd1 {Tg4+ ist eine echte Drohung.} Kh8 (27... Qe7 $142) 28. Rh4 (28. Bxd5 $2 Bb7 $1 $19 {[%mdl 512]}) (28. Rd4 $142 Qe7 29. Qxa5 (29. Bxd5 Be2 $15) (29. Rxd5 Rxd5 30. Qxd5 Rc2 $14)) 28... Qf8 29. Qxa5 (29. Bxd5 Rc5 $19) 29... Rd6 ({Günstiger ist} 29... Be2 $14 30. Re1 Bd3) 30. h3 $18 (30. Bxd5 Bb7 $15) 30... Qe7 31. Qd2 {Beabsichtigt Dh6 und Matt.} ({Lieber nicht} 31. Rxd5 Rc1+ 32. Kh2 Qe3 $11) (31. Bxd5 $2 Rxd5 $1 {[%mdl 512]} 32. Qxd5 Bb7 $19) 31... Rg8 32. Re1 ({Nur nicht} 32. Bxd5 $2 {[#]} Rxd5 $1 {[%mdl 512]} 33. Qxd5 Bb7 $19) ({Bloß nicht} 32. Qh6 $6 Rg7) 32... Qd7 33. Qf4 d4 $2 {[%mdl 8192]} (33... Bd3 $16 34. Kh2 Be4 35. Bxe4 dxe4) 34. Qh6 {[%csl Gh4][%cal Rh6h7]} Rg7 35. Rg4 Rxg4 36. hxg4 {[%cal Rh6f8]} Qd8 {[#]} 37. g5 $1 {[%mdl 512]} d3 $2 (37... Bd3 38. gxf6 Rxf6 39. Re8+ Qxe8 40. Qxf6+ Kg8) (37... fxg5 38. f6) 38. gxf6 {Weiß steht klar auf Gewinn.} Rxf6 {[#]} 39. Re8+ $1 {[%mdl 512]} Qxe8 40. Qxf6+ Kg8 41. Qg5+ Kh8 42. f6 {[%csl Gf6][%cal Rg5g7]} Qg8 43. Qxg8+ Kxg8 {[%mdl 4096] Endspiel KL-KL} 44. Kg1 d2 45. Bf3 Bb7 46. Bd1 Kf8 47. b4 (47. Kf2 $142 Ke8 48. Ke3) 47... Ke8 48. Ba4+ Kd8 49. Kf2 Bd5 50. a3 Kc7 51. Ke3 Kd6 52. Kxd2 Ke5 53. Ke3 Kxf6 54. Bc2 h6 55. Kd4 Ke6 56. a4 Bb7 57. Be4 {Precision: Weiß = 77%, Schwarz = 36%.} 1-0

[Event "25th Abu Dhabi Master 2018"]
[Site "Abu Dhabi"]
[Date "2018.08.07"]
[Round "1"]
[White "Wang, Hao"]
[Black "Sidhant, Mohapatra"]
[Result "1-0"]
[WhiteElo "2711"]
[BlackElo "2341"]
[Annotator "TA"]
[PlyCount "85"]
[EventDate "2018.08.05"]
[EventType "swiss"]
[EventCountry "UAE"]
[SourceTitle "playchess.com"]
[Source "ChessBase"]
[SourceQuality "1"]

{[%evp 28,85,68,56,94,93,94,84,86,84,96,87,100,102,81,100,154,154,148,151,138,134,132,127,143,121,147,106,150,140,139,141,185,177,233,239,234,238,225,235,241,235,362,362,362,362,402,395,395,395,394,313,922,418,409,403,627,609,599,591]} 1. c4 c5 2. Nf3 Nc6 3. Nc3 Nf6 4. e3 e6 5. d4 d5 6. cxd5 exd5 7. Bb5 Bd6 8. dxc5 Bxc5 9. O-O O-O 10. b3 a6 11. Bxc6 bxc6 12. Bb2 Bg4 13. Rc1 {D32: Tarrasch Defence: Sidelines and lines without g3} Bd6 14. Ne2 Rc8 15. Ne5 $1 {[#] LiveBook: 5 Games. White is slightly better.} Qe8 $146 ({Predecessor:} 15... Bxe5 16. Bxe5 Qe7 17. Bxf6 Qxf6 18. f3 Bd7 19. Qd4 Qe7 20. Nc3 Rfe8 {1-0 (78) Giri,A (2791)-L'Ami,E (2628) Amsterdam 2015}) 16. Nxg4 Nxg4 17. h3 Ne5 {[#]} 18. e4 $1 {[%mdl 512]} Ng6 (18... dxe4 19. Qxd6) 19. exd5 cxd5 20. Rxc8 Qxc8 21. Qxd5 Qc2 (21... Rd8 $142 22. Qf3 h6) 22. Qxd6 $16 Qxe2 23. Qd4 $40 {[%csl Gb2][%cal Rd4g7][%mdl 128] White attacks with force.} f6 24. a4 Rc8 25. Qd7 Rb8 26. Qd6 Rc8 27. Bd4 h6 28. Be3 Kh7 29. Qd1 Qb2 30. Qb1 Rc2 {[#]} (30... Qc2 $142 31. Rc1 Qxb1 32. Rxb1 a5) 31. b4 $1 $18 Qc3 {[#]} 32. Bd4 $1 {[%mdl 512]} Qc4 (32... Qxd4 33. Qxc2) 33. b5 axb5 34. axb5 {[%cal Ba4b5,Bb5b6][%mdl 32] aiming for Bxf6!} Nf4 (34... Rd2 {was worth a try.}) 35. Be3 Ne2+ 36. Kh2 {b6 is the strong threat.} Qe4 {Black hopes to continue with ...Nc3.} 37. b6 {Threatens to win with b7.} Nc3 38. Qb3 {Hoping for b7.} Nd5 39. Re1 Qe5+ $2 (39... Nxe3 40. Rxe3 Qf4+ 41. Rg3 Rc8) 40. Kg1 (40. f4 $142 Qe4 {[#]} 41. Bd2 $1 {[%mdl 512]}) 40... Rb2 41. Qd3+ f5 (41... Kh8 $142 42. Rc1 Qe6) 42. Bd2 Nf4 43. Qf3 {Precision: White = 87%, Black = 57%.} ({Not} 43. Rxe5 Nxd3 44. Rxf5 Rb1+ 45. Kh2 Rxb6 $16) 1-0

[Event "25th Abu Dhabi Master 2018"]
[Site "Abu Dhabi"]
[Date "2018.08.07"]
[Round "1"]
[White "Dubov, Daniil"]
[Black "Ahmad, Al Khatib"]
[Result "1-0"]
[WhiteElo "2691"]
[BlackElo "2336"]
[Annotator "TA"]
[PlyCount "63"]
[EventDate "2018.08.05"]
[EventType "swiss"]
[EventCountry "UAE"]
[SourceTitle "playchess.com"]
[Source "ChessBase"]
[SourceQuality "1"]

{[%evp 13,63,0,0,0,0,0,0,0,0,0,0,-12,16,10,16,26,13,0,0,0,0,-17,-17,-19,0,0,8,12,68,90,161,156,195,125,125,125,125,124,125,125,128,129,130,144,342,298,625,597,667,575,2940,593]} 1. Nf3 g6 2. e4 c5 3. c3 Bg7 4. Bc4 e6 5. O-O (5. d4 cxd4 6. cxd4 d5 7. exd5 exd5 8. Bb3 Ne7 9. h3 Nbc6 10. O-O O-O 11. Nc3 h6 12. Bf4 Bf5 {0-1 (43) Safarli,E (2649)-Iturrizaga Bonelli,E (2653) Dubai 2014}) 5... Ne7 6. d4 {B27: Sizilianisch (Frühes Fianchetto)} cxd4 7. cxd4 d5 {LiveBook: 5 Partien} 8. Bb5+ {Die Stellung ist ausgeglichen.} Bd7 9. Bxd7+ Qxd7 10. e5 Nbc6 11. Nc3 O-O 12. Bg5 f6 $146 13. exf6 Bxf6 14. Bxf6 Rxf6 15. Ne5 Nxe5 16. dxe5 Rf4 17. Rc1 Nc6 18. g3 Rd4 19. Qe2 Qg7 20. f4 g5 (20... Rf8 $11) 21. f5 $14 {Droht stark f6.} exf5 (21... Qxe5 $16 22. Qh5 Qf6) 22. Rxf5 $18 {zielt auf Tcf1 ab.} Re8 {[%cal Re8e5] [#]} 23. e6 ({Besser ist} 23. Rcf1 $1 $18 {Dh5 ist eine echte Drohung.} Nxe5 24. Qh5) 23... Qg6 $16 24. Rcf1 {Und weiter mit Tf6 wäre nett.} ({Auf keinen Fall} 24. Rxd5 $6 Rxe6 25. Qb5 Rxd5 $14) 24... Rxe6 25. Qf2 {jetzt Txg5! und aus.} Rf4 26. Rxf4 $40 {[%mdl 128] Weiss riecht Blut.} gxf4 27. Qxf4 {[%csl Gf1][%cal Rf4f8] [#]} Qg7 28. Qf5 Nd4 $2 (28... Rd6 $16 29. Qc8+ Rd8 30. Qe6+ Kh8) 29. Qxd5 $18 {Beabsichtigt Dd8+ und Matt.} h6 $2 (29... Qe5 30. Qxb7 Ne2+ 31. Kg2 Re8 32. Qf7+ Kh8) 30. Rf4 {Weiß steht klar auf Gewinn.} Kh7 31. Qxd4 Qe7 32. Re4 {Precision: Weiß = 76%, Schwarz = 36%.} 1-0

[Event "25th Abu Dhabi Master 2018"]
[Site "Abu Dhabi"]
[Date "2018.08.07"]
[Round "1"]
[White "Sargissian, Gabriel"]
[Black "Siva, Mahadevan"]
[Result "1-0"]
[WhiteElo "2680"]
[BlackElo "2331"]
[Annotator "TA"]
[PlyCount "81"]
[EventDate "2018.08.05"]
[EventType "swiss"]
[EventCountry "UAE"]
[SourceTitle "playchess.com"]
[Source "ChessBase"]
[SourceQuality "1"]

{[%evp 21,81,12,25,0,23,20,33,17,16,8,8,-18,-16,-52,0,-25,52,74,54,71,67,42,68,68,79,20,84,25,26,0,56,29,35,35,45,46,49,52,91,59,77,91,75,87,132,144,160,106,725,709,814,810,1144,1203,1077,1058,5910,5037,29996,29997,29997,446]} 1. d4 Nf6 2. c4 g6 3. Nf3 Bg7 4. g3 O-O 5. Bg2 d6 6. Nc3 Nbd7 7. O-O e5 8. b3 c6 9. e4 exd4 10. Nxd4 Re8 11. Re1 {E68: King's Indian: Fianchetto: 6...Nbd7 7 0-0 e5 8 e4} Ng4 {LiveBook: 11 Games} 12. Rf1 $146 ({Predecessor:} 12. h3 Nxf2 13. Kxf2 Qf6+ 14. Ke3 Nc5 15. Bb2 d5 16. cxd5 Bh6+ 17. Ke2 b6 {0-1 (37) Goganov,A (2591)-Adhiban,B (2663) Stockholm 2016}) 12... Qf6 13. Nde2 {White has an edge.} Nc5 $1 14. f3 Ne5 15. Be3 Qe7 16. Qd2 f5 17. h3 Be6 (17... fxe4 $1 $15 18. fxe4 Rf8) 18. Rad1 Rad8 (18... fxe4 $11 19. fxe4 Ned3) 19. Bg5 $14 Bf6 20. Bxf6 Qxf6 21. exf5 gxf5 22. Nf4 Bf7 23. Kh2 ({Better is} 23. Nce2 $16) 23... Kh8 (23... a5 $11) 24. Qd4 ({White should play} 24. Nce2 $16) 24... a5 $11 25. Rd2 Rg8 (25... a4 $11 26. Rb1 Kg8) 26. Nce2 a4 27. Qc3 axb3 28. axb3 b5 29. cxb5 cxb5 30. Nd5 Bxd5 31. Rxd5 {And now f4 would win.} f4 32. g4 Ra8 {[#]} 33. Rfd1 $1 Rgd8 34. b4 (34. R5d4 $142) 34... Ra2 $2 {[%mdl 8192]} (34... Ne6 $16) 35. Rxe5 $18 dxe5 36. Rxd8+ Qxd8 37. Qxe5+ Kg8 38. bxc5 Qd2 39. Nxf4 {[#] Qe8+ would kill now.} b4 40. Qe8+ Kg7 41. Nh5+ {Precision: White = 49%, Black = 36%.} 1-0

[Event "25th Abu Dhabi Master 2018"]
[Site "Abu Dhabi"]
[Date "2018.08.07"]
[Round "1"]
[White "Korobov, Anton"]
[Black "Mithil, Ajgaonkar"]
[Result "1-0"]
[WhiteElo "2664"]
[BlackElo "2318"]
[Annotator "TA"]
[PlyCount "59"]
[EventDate "2018.08.05"]
[EventType "swiss"]
[EventCountry "UAE"]
[SourceTitle "playchess.com"]
[Source "ChessBase"]
[SourceQuality "1"]

{[%evp 19,59,0,0,10,7,10,22,8,17,10,49,20,79,41,81,79,154,151,120,127,153,141,150,146,333,326,402,427,396,341,398,339,329,330,318,322,282,269,29997,29998,29998,29999]} 1. d4 Nf6 2. c4 e6 3. Nf3 d5 4. Nc3 c6 5. e3 Nbd7 6. Bd3 Be7 7. O-O O-O 8. e4 dxe4 9. Nxe4 b6 10. Nc3 {D46: Semi-Slav: 5 e3 Nbd7 6 Bd3, Black avoids the Meran} Bb7 {LiveBook: 3 Games} 11. Re1 Qc7 12. Bg5 {The position is equal.} Rad8 13. Qc2 $146 {White wants to play Bxh7+!} ({Predecessor:} 13. a3 Rfe8 14. b4 h6 {1-0 (23) Kozul,Z (2596)-Dizdarevic,E (2457) Sarajevo 2017}) 13... Rfe8 14. Rad1 g6 15. Bf1 Qc8 (15... a6 $11 {keeps the balance.}) 16. h4 Qa8 17. Qc1 c5 {[#]} (17... Qb8 $142) 18. d5 $1 $16 exd5 19. cxd5 Bd6 {[#]} 20. Bb5 $1 Rxe1+ 21. Rxe1 Rc8 $2 (21... h6 $16) 22. h5 $18 a6 23. Bxd7 Nxd7 24. Be7 Qb8 25. hxg6 hxg6 26. Qh6 {Ng5 would kill now.} Re8 27. Ng5 {[%csl Gg5][%cal Rh6h7]} Nf8 28. Ne6 $1 Nxe6 $2 (28... fxe6 $18 29. Bf6 Re7 30. Qh8+ Kf7) 29. Bf6 {[%csl Gf6][%cal Rh6h8]} Bh2+ 30. Kh1 {Precision: White = 66%, Black = 20%.} 1-0

[Event "25th Abu Dhabi Master 2018"]
[Site "Abu Dhabi"]
[Date "2018.08.07"]
[Round "1"]
[White "Akopian, Vladimir Eduardovic"]
[Black "Kigigha, Bomo"]
[Result "1-0"]
[WhiteElo "2655"]
[BlackElo "2317"]
[Annotator "TA"]
[PlyCount "125"]
[EventDate "2018.08.05"]
[EventType "swiss"]
[EventCountry "UAE"]
[SourceTitle "playchess.com"]
[Source "ChessBase"]
[SourceQuality "1"]

{[%evp 15,125,-11,0,-33,0,-29,0,9,62,47,52,50,38,14,25,14,4,12,52,50,34,10,8,0,0,1,8,6,38,29,23,12,28,23,35,33,30,30,111,111,111,111,111,101,112,112,116,116,115,83,83,83,77,42,38,38,38,41,48,14,18,13,13,0,70,68,70,0,87,84,84,84,85,85,93,80,228,212,212,202,313,305,470,461,470,420,462,456,454,442,427,419,404,368,620,591,1211,1138,3780,2636,1425,10879,2464,2234,12842,12841,12844,12844,12845,12845,12845,12845]} 1. e4 e6 2. d4 d5 3. Nc3 Bb4 4. e5 c5 5. Qg4 Ne7 6. dxc5 Nbc6 7. Bd2 O-O 8. Bd3 {C17: French: 3 Nc3 Bb4 4 e5 c5 sidelines} (8. Nf3 Ng6 9. Bd3 Qc7 10. O-O Ngxe5 11. Bxh7+ Kxh7 12. Qh5+ Kg8 13. Ng5 Re8 14. Qh7+ Kf8 15. Qh8+ Ke7 16. Qxg7 {0-1 (47) Voitsekhovsky,S (2523)-Ponkratov,P (2605) Ekaterinburg 2013}) 8... Ng6 {LiveBook: 6 Games} 9. f4 f5 10. Qg3 {The position is equal.} Bxc5 (10... d4 $5 {[%cal Rd4c3]} 11. Nce2 Bxd2+ 12. Kxd2 Qa5+ 13. Kd1 Qxc5 $11) 11. a3 $146 ({Predecessor:} 11. Nf3 a6 12. h4 Nh8 13. h5 b5 14. Qh3 Nb4 15. g4 d4 {1-0 (33) Hinks Edwards,T (2260)-Thompson,I (2275) England 1998}) 11... Qh4 (11... a6 $11) 12. Nf3 Qxg3+ 13. hxg3 a6 14. O-O-O Bd7 15. g4 fxg4 16. Ng5 h6 ({Not} 16... Nxf4 $2 17. Bxh7+ Kh8 18. Bxf4 $18) 17. Bxg6 {aiming for Bh7+.} hxg5 18. Rh5 {Intending Rdh1 and mate.} (18. f5 $5) 18... Ne7 $1 {[%cal Re7g6]} ({Inferior is} 18... gxf4 19. Rdh1 g3 20. Rh8#) 19. Rxg5 Nxg6 20. Rxg6 Be8 $132 {[%mdl 2048] Black is fighting back} 21. Rxe6 Bf7 (21... Rd8 {keeps more tension.} 22. g3 Kf7 23. f5 Bd7 24. b4 Bd4) 22. Na4 Bxe6 23. Nxc5 Bc8 24. Be3 b6 25. Na4 b5 26. Nb6 Be6 (26... Rb8 $11 {keeps the balance.}) 27. Nxa8 $16 Rxa8 {[%mdl 4096] Endgame KRB-KRB} 28. g3 Rc8 29. Kd2 Bf5 30. c3 Be4 31. Rf1 a5 32. f5 Rf8 33. f6 gxf6 34. e6 Bf3 35. Bc5 Re8 36. e7 Kf7 37. Ke3 Rh8 38. b4 {[%cal Bb2b4,Bb4b5,Bb5b6][%mdl 32]} a4 39. Kd4 Rh2 (39... Ke8 $11) 40. Bd6 $14 Rh8 41. Re1 ({White should try} 41. Rf2 $1 $14) 41... Be4 (41... Rc8 $1 $11) 42. c4 bxc4 43. b5 Ke6 {[#]} 44. Bc5 $1 {[%mdl 1024] White has strong compensation.} Kd7 45. b6 Kc6 (45... Rc8 $16 {was necessary.}) 46. Rf1 $18 f5 {[#] Threatens to win with ...c3!} 47. Rf2 $1 c3 {[#]} (47... Re8 {keeps fighting.}) 48. Rh2 $3 {[%cal Rh2h8][%mdl 512]} Re8 (48... Rc8 $142 49. Rh6+ Kb7) (48... Rxh2 49. e8=Q+) 49. Rh6+ Kb7 50. Kxc3 f4 51. gxf4 g3 52. Re6 g2 53. Kb4 Bf5 54. Re5 Bd7 $2 (54... Bg6 55. Rg5 Be4) 55. Rg5 {White is clearly winning.} Rh8 56. Rxg2 Rh3 57. Bd4 Rb3+ 58. Kc5 Rxb6 59. Rb2 Rxb2 60. Bxb2 Be8 61. Kd6 Kc8 62. f5 {[%cal Bf4f5,Bf5f6][%mdl 32]} Bf7 63. f6 {Precision: White = 71%, Black = 46%.} 1-0

[Event "25th Abu Dhabi Master 2018"]
[Site "Abu Dhabi"]
[Date "2018.08.07"]
[Round "1"]
[White "Parligras, Mircea Emilian"]
[Black "Bhakti, Kulkarni"]
[Result "1/2-1/2"]
[WhiteElo "2645"]
[BlackElo "2312"]
[Annotator "TA"]
[PlyCount "98"]
[EventDate "2018.08.05"]
[EventType "swiss"]
[EventCountry "UAE"]
[SourceTitle "playchess.com"]
[Source "ChessBase"]
[SourceQuality "1"]

{[%evp 16,98,1,-16,22,17,17,19,26,9,16,32,29,25,58,52,48,32,52,54,51,14,18,6,7,0,15,-7,8,8,7,0,0,8,11,23,9,10,10,12,9,9,23,8,16,0,7,6,6,0,0,0,0,0,8,8,0,-18,71,0,0,0,0,0,0,0,0,0,0,0,0,0,0,0,0,0,0,0,0,0,0,0,0,0,0]} 1. d4 d5 2. c4 e6 3. Nf3 Nf6 4. Nc3 Be7 5. Bf4 O-O 6. e3 b6 7. cxd5 Nxd5 8. Nxd5 {D37: Queen's Gambit Declined: 5 Bf4} Qxd5 9. Be2 {LiveBook: 12 Games} Bb7 10. O-O (10. Bxc7 Qa5+ 11. Kf1 Nd7 12. h4 Rac8 13. Bf4 Rfd8 14. Kg1 Bxf3 15. Bxf3 e5 {½-½ (31) Ding,L (2769)-So,W (2799) Berlin 2018}) 10... Bd6 11. Bxd6 cxd6 12. Bd3 $146 ({Predecessor:} 12. Qa4 Nc6 13. Rfc1 Rfc8 14. Qa3 b5 15. Ne1 e5 {½-½ (47) Korchmar,V (2346)-Lugovskoy,M (2386) Taganrog 2014}) 12... Nd7 13. e4 Qh5 14. Qd2 Nf6 15. Rfe1 Rac8 16. a4 a5 17. Ra3 Bc6 18. Bb1 b5 19. axb5 Qxb5 20. e5 dxe5 21. Nxe5 Qb4 22. Qxb4 axb4 23. Ra7 Bd5 24. Bd3 Ra8 25. Rea1 Rxa7 26. Rxa7 Ra8 27. Rxa8+ Bxa8 $11 {[%mdl 4096] Endgame KBN-KBN} 28. f3 Ne8 29. Bb5 Nd6 30. Ba4 Bd5 31. Nd3 b3 32. Nf4 Bc4 33. Kf2 Kf8 34. Ne2 h5 35. Nc1 Bd5 36. Ke2 g5 (36... Nf5 $11 {remains equal.}) 37. Nxb3 (37. Bxb3 $16 Bb7 38. Kf2) 37... Nc4 {The position is equal.} 38. Bb5 Nd6 39. Ba4 Nc4 40. Nd2 Nxb2 41. Bb5 f5 42. g3 h4 43. gxh4 gxh4 44. f4 Ke7 45. Ke1 Kd6 46. Ke2 Kc7 47. Nf3 Nd1 48. Kxd1 Bxf3+ 49. Kd2 Kd6 {Precision: White = 50%, Black = 60%.} 1/2-1/2

[Event "25th Abu Dhabi Master 2018"]
[Site "Abu Dhabi"]
[Date "2018.08.07"]
[Round "1"]
[White "Salem, A.R. Saleh"]
[Black "Gupta, Sankalp"]
[Result "1/2-1/2"]
[WhiteElo "2636"]
[BlackElo "2304"]
[Annotator "TA"]
[PlyCount "113"]
[EventDate "2018.08.05"]
[EventType "swiss"]
[EventCountry "UAE"]
[SourceTitle "playchess.com"]
[Source "ChessBase"]
[SourceQuality "1"]

{[%evp 29,113,41,73,73,73,76,99,60,68,54,73,28,26,13,38,37,66,2,92,91,96,104,99,105,103,82,118,118,185,118,185,188,175,165,166,135,165,172,218,91,91,84,1000,991,1437,1387,1226,0,0,0,1216,1133,29971,29972,29971,29969,29968,0,29968,29968,9283,0,6403,0,0,0,0,0,0,0,6291,5457,29986,0,0,0,0,0,0,0,0,0,20,0,0,0]} 1. Nf3 Nf6 2. c4 e6 3. d4 Bb4+ 4. Nbd2 b6 5. a3 Bxd2+ 6. Qxd2 Bb7 7. e3 O-O 8. Be2 d6 9. O-O Nbd7 10. b4 Ne4 11. Qc2 f5 12. d5 {E14: Damenindisch (Zentralsystem)} e5 (12... exd5 13. Bb2 c5 14. cxd5 Bxd5 15. Rad1 Bb7 16. Bc4+ Kh8 17. Be6 Qe7 18. Qb3 b5 19. Bxd7 Qxd7 20. bxc5 Nxc5 {1-0 (34) Bok,B (2598)-Moiseenko,A (2657) Doha 2016}) 13. Nd2 Nxd2 14. Bxd2 Qe7 15. f3 Rf6 {LiveBook: 4 Partien} 16. Bd3 Raf8 17. a4 {[%cal Ba3a4,Ba4a5][%mdl 32]} Qf7 $146 ({Vorgänger:} 17... c6 18. e4 f4 19. a5 c5 20. axb6 axb6 {1-0 (27) Filip,L (2444)-Todorov,O (2219) Albena 2015}) 18. a5 e4 19. Be2 exf3 20. Rxf3 ({Doch nicht} 20. gxf3 b5 $11) 20... Ne5 21. Rg3 h5 22. Rg5 {zielt auf axb6 ab.} h4 23. b5 (23. a6 $14 Bc8 24. Rh5) 23... Rg6 (23... g6 $11) 24. Rxg6 $1 $16 Qxg6 25. axb6 axb6 26. Ra7 $1 $36 {[%cal Ra7b7][%mdl 2048] Schwarz muss aufpassen.} Rb8 27. Bc3 Ng4 28. Bd4 Nf6 (28... Qg5 $16 {war einen Versuch wert.}) 29. Bf3 (29. Bd3 $18) 29... Ne4 (29... Qg5 $16 30. h3 Nd7) 30. Bxe4 $1 $18 fxe4 31. h3 Qf5 32. Qe2 Kh7 33. Qe1 g5 34. Bb2 (34. Qa1 $1 $18 {ist viel giftiger.} Kg6 35. Bc3) 34... Kg6 $16 35. Qc3 Kh5 $2 {[%mdl 8192] [#]} (35... Qf8 $16 36. Qd4 Qe7) 36. Rxb7 $1 $18 {[%mdl 512]} Rxb7 {[%mdl 4096] Endspiel KDT-KDL} 37. Qh8+ Kg6 38. Qg7+ $2 (38. Qg8+ $18 Kh5 39. Bg7) 38... Kh5 $11 39. Qh8+ $2 {[%mdl 8192]} (39. Qg8 $11) 39... Kg6 $18 {beabsichtigt ...Ta7.} 40. Qa8 g4 41. Qg8+ (41. Qxb7 $2 {ist ein Selbstmatt.} g3 42. Qxc7 Qf2+ 43. Kh1 Qf1#) 41... Kh5 42. Qh8+ Kg6 43. Qg8+ Kh5 44. hxg4+ Qxg4 45. Qh7+ Kg5 46. Qg8+ $2 (46. Bg7 $1 $18 {Droht Matt per Dh6+.} Qh5 47. Bf6+ $1 {[%mdl 512]} Kxf6 48. Qxh5) 46... Kh5 $11 47. Qh8+ Kg6 48. Qg7+ $2 {[%mdl 8192]} (48. Qg8+ $11 Kf5 49. Qf7+ Kg5 50. Bf6+ Kh6 51. Qf8+ Kh7 52. Qh8+ Kg6 53. Qg7+ Kf5 54. Qf7) 48... Kh5 $18 49. Qh7+ Kg5 {[#]} 50. Bg7 $1 {Weiss will mit Dh6+ Matt setzen.} Qf5 51. Bh6+ $2 (51. Qh6+ {setzt Matt} Kg4 52. Bf6 Qxf6 53. Qxf6 Kh5 54. Qh8+ Kg5 55. Qa8 c6 56. Qxb7 cxd5 57. Qg7+ Kh5 58. cxd5 h3 59. gxh3 Kh4 60. Qg4#) 51... Kg4 $11 {Die Stellung ist ausgeglichen.} 52. Qg7+ Kh5 {Droht stark ...Dg6.} 53. Bf4 {Und weiter mit Dh8+ wäre nett.} Ra7 54. Qh6+ Kg4 55. Qg7+ Kh5 56. Qh6+ Kg4 57. Qg7+ {Precision: Weiß = 45%, Schwarz = 37%.} 1/2-1/2

[Event "25th Abu Dhabi Master 2018"]
[Site "Abu Dhabi"]
[Date "2018.08.07"]
[Round "1"]
[White "Lupulescu, Constantin"]
[Black "Hamidi, Amir Mohammad"]
[Result "1-0"]
[WhiteElo "2619"]
[BlackElo "2299"]
[Annotator "TA"]
[PlyCount "91"]
[EventDate "2018.08.05"]
[EventType "swiss"]
[EventCountry "UAE"]
[SourceTitle "playchess.com"]
[Source "ChessBase"]
[SourceQuality "1"]

{[%evp 19,91,41,37,31,36,33,48,41,44,46,46,35,60,37,59,71,84,77,74,74,78,76,60,40,69,25,35,31,42,18,47,43,145,129,119,129,147,142,229,229,229,229,229,229,232,236,229,224,209,211,210,211,211,215,496,471,355,189,196,197,197,186,248,258,758,925,941,934,924,916,883,833,29951,10183]} 1. e4 {[%cal Be2e4,Be4e5][%mdl 32]} e6 2. d4 d5 3. Nc3 Nf6 4. e5 Nfd7 5. f4 c5 6. Nf3 Nc6 7. Be3 Qb6 8. Na4 {C11: Französische Verteidigung} Qc7 9. Nxc5 Nxd4 10. Nxd4 Nxc5 {LiveBook: 5 Partien} 11. Be2 a6 $146 ({Vorgänger:} 11... Bd7 12. O-O a6 13. c4 dxc4 14. Bxc4 Be7 15. Rc1 Qa5 {1-0 (26) Motylev,A (2680)-Nilsson,P (2152) Helsingor 2017}) 12. O-O Na4 13. Rb1 Bd7 14. c3 g6 15. Bd3 Bg7 16. Qe2 b5 17. Rbe1 O-O 18. h4 Nc5 19. Bb1 Ne4 20. Bxe4 dxe4 21. Bf2 Bc8 {[%cal Bd7c8,Bc8b7,Bb7d5][%mdl 32]} 22. Qxe4 Bb7 23. Qe3 h5 24. Qh3 Bd5 25. g4 Kh7 (25... Bh6 $14) 26. gxh5 $16 gxh5 27. Qd3+ Kh8 28. Qd1 Bh6 (28... f5 $16) 29. Qxh5 $18 Rg8+ 30. Kh2 {[%cal Rh5h6] [#]} Rg2+ 31. Kh3 Kh7 32. Nf3 Bxf3 33. Qxf3 Rag8 34. Rg1 Rxg1 35. Rxg1 Rxg1 36. Bxg1 Qa5 $2 {[#]} (36... Qc8 {ist wohl besser.} 37. Bf2 Kg8) 37. Qe4+ Kg7 38. a3 (38. Qg2+ $142 Kh7 39. Qb7 Qxa2 40. Qxf7+ Bg7 41. Bd4) 38... Qd8 39. Bd4 Qc8 40. b3 a5 (40... Kg8 {war angesagt.} 41. Qg2+ Kh7 42. Qe4+ Kg8 43. Qg2+ Kh7 44. Qe4+ Kg8) 41. f5 a4 $2 (41... Kh8 42. Qf3 Bf8) 42. bxa4 bxa4 43. Qg4+ Kh7 44. Qh5 Qb7 45. Kg3 Qe4 46. Qxf7+ {Precision: Weiß = 65%, Schwarz = 44%.} 1-0